Online Catalogue and eLibrary

Gamanaka mula (Record no. 4940)

MARC details
000 -LEADER
fixed length control field 00402nam a2200169Ia 4500
005 - DATE AND TIME OF LATEST TRANSACTION
control field 20250305010753.0
008 - FIXED-LENGTH DATA ELEMENTS--GENERAL INFORMATION
fixed length control field 240331s9999 xx 000 0 und d
082 ## - DDC Classification
Item Number - Author Mark AMA
Class No. 894
100 ## - MAIN ENTRY--PERSONAL NAME
Personal name Amarasekara,G
245 #0 - TITLE STATEMENT
Title Gamanaka mula
260 ## - PUBLICATION, DISTRIBUTION, ETC.
Place of publication, distribution, etc. Colombo
Name of publisher, distributor, etc. Lakehouse Investment Company
Date of publication, distribution, etc. 1984
300 ## - PHYSICAL DESCRIPTION
Extent (e.g. Volumes, Pages etc.) 201 p.,
650 ## - SUBJECT ADDED ENTRY--TOPICAL TERM
Topical term or geographic name entry element Political
650 ## - SUBJECT ADDED ENTRY--TOPICAL TERM
Topical term or geographic name entry element Ceylon History
650 ## - SUBJECT ADDED ENTRY--TOPICAL TERM
Topical term or geographic name entry element Strory
942 ## - Koha item type (Biblio)
Koha item type Books in Stacks (Lending)
Holdings
Lost status Damaged status Collection code Home library Current library Shelving location Date acquired Full call number Accession Number Item type
    Lending WERC Library WERC Library Social Science Cupboard 03/31/2024 894.811 AMA 2392 Books in Stacks (Lending)

© WERC Library